| 000 | 00637pam a2200229 a 4500 | ||
|---|---|---|---|
| 999 |
_c4338 _d4338 |
||
| 001 | 9549 | ||
| 003 | BD-DhUAP | ||
| 005 | 20201108144627.0 | ||
| 008 | 200308r20021975ii a b 001 0 eng | ||
| 020 | _a8121901632 | ||
| 040 |
_aBD-DhUAP _cBD-DhUAP _dBD-DhUAP _bEng |
||
| 082 | 0 | 0 |
_a539 THE _223 |
| 100 | _aTheraja, B. L. | ||
| 245 | 1 | 0 |
_aModern physics / _cB. L. Theraja. |
| 250 | _a1st ed. | ||
| 260 |
_aNew Delhi : _bS. Chand & Co. ltd., _cc1975 [Reprinted 2002]. |
||
| 300 |
_a422 pages : _billustrations ; _c22 cm. |
||
| 500 | _aIncludes index. | ||
| 501 | _aMulticolour revised edition. | ||
| 650 | _aPhysics. | ||
| 942 |
_2ddc _cBK |
||